000 00730cam a2200193 4500
001 WB3732-06
008 010822n2001 000 0 eng u
035 _a(Sirsi) u114274
245 _aPPP Forum
260 _c2001
490 _aContract Journal
_v410(6341) 22 August 2001, 3(1)
520 _aIn the wake of rising criticism of public private partnerships (PPPs), a group of leading financiers, lawyers and contractors has set up the PPP Forum in a bid to promote PPPs. The forum's website, which provides information about PPPs, can be viewed at: www.pppforum.com
590 _aWB
650 _aPUBLIC PRIVATE PARTNERSHIPS
650 _aPROMOTION
650 _aPPP FORUM
690 _aProcurement
_96260
942 _n0
999 _c68070
_d68070